banner koha

Característica físico-química e sensorial de geleia elaborada com polpa e suco de acerola (Registro n. 228920)

MARC details
000 -LÍDER
campo de controle de tamanho fixo 00914nas a2200277 4500
001 - NÚMERO DE CONTROLE
campo de controle BR2013004438
003 - IDENTIFICADOR DO NÚMERO DE CONTROLE
campo de controle BR-BrBNA
005 - DATA E HORÁRIO DA ÚLTIMA TRANSAÇÃO
campo de controle 20231205122505.0
007 - CAMPO FIXO DE DESCRIÇÃO FÍSICA--INFORMAÇÃO GERAL
campo de controle de tamanho fixo ta
008 - CAMPO DE DADOS FIXOS--INFORMAÇÃO GERAL
campo de controle de tamanho fixo 230509b bl.|||p| |||| 00| 00por d
040 ## - FONTE DA CATALOGAÇÃO
Instituição da catalogação original BR-BrBNA
Idioma da catalogação por
Instituição que transcreveu o registro Biblioteca Nacional de Agricultura
041 ## - CÓDIGO DE IDIOMA
Código do idioma do texto/trilha sonora ou título diferente (Pt)
072 ## - CÓDIGO DE CATEGORIA DE ASSUNTO
Código de Categoria de Assunto Q04; Q02
100 1# - ENTRADA PRINCIPAL--NOME PESSOAL
Nome pessoal Caetano, P.K.
100 1# - ENTRADA PRINCIPAL--NOME PESSOAL
Nome pessoal Daiuto, E.R.
100 1# - ENTRADA PRINCIPAL--NOME PESSOAL
Nome pessoal Vieites, R.L.
245 1# - TÍTULO
Título Característica físico-química e sensorial de geleia elaborada com polpa e suco de acerola
650 ## - ASSUNTO--TERMO TÓPICO
Cabeçalho tópico ou nome geográfico FRUTA TROPICAL
650 ## - ASSUNTO--TERMO TÓPICO
Cabeçalho tópico ou nome geográfico POLPA DE FRUTA
650 ## - ASSUNTO--TERMO TÓPICO
Cabeçalho tópico ou nome geográfico PROCESSAMENTO
650 ## - ASSUNTO--TERMO TÓPICO
Cabeçalho tópico ou nome geográfico ANÁLISE ORGANOLÉPTICA
773 0# - ENTRADA ANALÍTICA
Título Brazilian Journal of Food Technology (Brazil)
ISSN - International Standard Serial Number ISSN 1519-0900
Partes relacionadas (Jul-Sep 2012), V. 15(3) p. 191-197
Número de controle do registro BR2013004438
856 40 - LOCALIZAÇÃO ELETRÔNICA E ACESSO
Uniform Resource Identifier <a href="http://www.scielo.br/pdf/bjft/v15n3/aop_bjft_7710.pdf">http://www.scielo.br/pdf/bjft/v15n3/aop_bjft_7710.pdf</a>
909 ## -
-- 202311
-- Lúcia
-- 55
-- Lúcia Elande
942 ## - ELEMENTOS DE ENTRADA ADICIONADOS (KOHA)
Fonte da classificação ou esquema de arquivamento na estante Classificação AGRIS
Ocultar no OPAC Não
Tipo de material Koha Analítica
Exemplares
Situação do descarte Fonte da classificação ou esquema de arquivamento na estante Situação física Não pode ser emprestado Biblioteca de origem Biblioteca atual Localização na estante Enumeração do periódico / cronologia Total de empréstimos Data de último acesso Número do exemplar Tipo de material Koha Fonte de aquisição
  Classificação AGRIS   Consulta local Biblioteca Nacional de Agricultura - Binagri Biblioteca Nacional de Agricultura - Binagri   (Jul-Sep 2012), V. 15(3) p. 191-197   29/11/2023 01 Periódicos Portaria Interministerial nº 164/94

BINAGRI

Telefone: (61)3218-2567/2388/3357/2097 - binagri@agro.gov.br

Ministério da Agricultura e Pecuária , Esplanada dos Ministérios, Bloco D, Anexo B, Brasília/DF, CEP: 70.043-900